Reconstrucción del Centro Urbano de Managua /

Պահպանված է:
Մատենագիտական մանրամասներ
Հիմնական հեղինակ: Martínez Marenco, Mario
Այլ հեղինակներ: Zamora Talavera, Jorge
Ձևաչափ: Թեզիս
Հրապարակվել է: Managua: UNAN
Ցուցիչներ: Ավելացրեք ցուցիչ
Չկան պիտակներ, Եղեք առաջինը, ով նշում է այս գրառումը!

MARC

LEADER 00000 a a2200000 04500
001 21717
003
040 |a CRAI/IIS  |c CRAI/IIS 
090 |a 09713.00  
100 |a Martínez Marenco, Mario  
245 |a Reconstrucción del Centro Urbano de Managua /  |c Mario Martínez Marenco 
260 |a Managua:   |b UNAN  
300 |a 100 páginas  
502 |a Tesis (Licenciado en Arquitectura) -- Universidad Nacional Autónoma de Nicaragua. Departamento de Arquitectura, 1974  
700 |a Zamora Talavera, Jorge  
999 |c 17917  |d 17917